Cities of Russia - Satellite - Statistics

General Stats
  • This quiz has been taken 5 times
  • The average score is 8 of 56
Answer Stats
Picture Answer % Correct
Moscow
100%
St Petersburg
80%
Kazan
40%
Volgograd
40%
Arkhangelsk
20%
Astrakhan
20%
Chelyabinsk
20%
Irkutsk
20%
Kaliningrad
20%
Krasnodar
20%
Krasnoyarsk
20%
Makhachkala
20%
Murmansk
20%
Nizhny Novgorod
20%
Novorossiysk
20%
Novosibirsk
20%
Omsk
20%
Orenburg
20%
Perm
20%
Petrozavodsk
20%
Rostov
20%
Samara
20%
Saratov
20%
Sochi
20%
Ufa
20%
Ulyanovsk
20%
Vladivostok
20%
Voronezh
20%
Vyborg
20%
Yakutsk
20%
Yekaterinburg
20%
Adler
0%
Anadyr
0%
Artyom
0%
Blagoveshchensk
0%
Bryansk
0%
Cheboksary
0%
Elista
0%
Grozny
0%
Khabarovsk
0%
Kyzyl
0%
Magadan
0%
Naberezhnye Chelny
0%
Nakhodka
0%
Norilsk
0%
Petropavlovsk
0%
Pskov
0%
Severodvinsk
0%
Sovetsk
0%
Surgut
0%
Taganrog
0%
Tolyatti
0%
Tver
0%
Ulan-Ude
0%
Yeysk
0%
Yuzhno-Sakhalinsk
0%
No matching quizzes found
Score Distribution
Percent of People with Each Score
Percentile by Number Answered
Your Score History
You have not taken this quiz